| 000 | 00387nam a2200145 a 4500 | ||
|---|---|---|---|
| 001 | 2253 | ||
| 003 | CDMR | ||
| 005 | 20130116135226.0 | ||
| 008 | 130130s2000||||||||||||||||||||||||||||d | ||
| 040 |
_aCDMR _bcat _cCPC GIRONA |
||
| 100 | 1 |
_aCabrera, María Ángeles _91676 |
|
| 245 | 1 | 3 |
_aLa prensa online _bLos periódicos en la www _cCabrera, Mª Ángeles |
| 260 |
_c2000 _bCIMS 97 |
||
| 942 | _cMON | ||
| 999 |
_c2253 _d2253 |
||